Théories Harry Potter les plus connues (click) - Statistiques

Statistiques générales
  • Ce quiz a été pris 226 fois
  • Le résultat moyen est 6 sur 15
Statistiques - réponses
Hint Explanation Réponse % Correct
Hermione est... Théorie du Lien Fraternel ... la sœur cachée de Harry Potter
70%
Fumsek est... ... le Horcruxe de Dumbledore
65%
J.K.Rowling est... ... Rita Skeeter, ayant été exclue du monde magique
55%
Miss Teigne est... ... une Malédictus
45%
Albus Dumbledore est... Théorie du Ronbledore ... le futur Ron Weasley revenu dans le passé
43%
Sirius Black est... ... en couple avec Remus Lupin
42%
Harry Potter est... ... la cause de la méchanceté des Dursley
36%
Severus Rogue est... ... toujours en vie
36%
Ron est... ... un voyant (sans le savoir)
32%
McGonagall est... ... une Mangemort
31%
Hagrid est... ... un Mangemort
29%
Drago Malefoy est... ... un loup-garou
28%
Gilderoy Lockhart est... ... un Vélane
23%
Voldemort est... ... la réincarnation d'Antioche Peverell
22%
Godric Gryffondor est... Blague de l'autrice ... le calamar géant
17%
Aucun quiz correspondant
Distribution des résultats
% des personnes avec chaque résultat
Percentile par nombre de réponses
Votre historique - résultats
Vous n’avez pas pris ce quiz